| 000 | 00000nam 2200000zi 4500 |
| 001 | 9.924853 |
| 003 | CaOODSP |
| 005 | 20231120131601 |
| 006 | m o d f |
| 007 | cr cn||||||||| |
| 008 | 230707e20230525onc ob f000 0 fre d |
| 020 | |a9780660494128 |
| 040 | |aCaOODSP|bfre|erda|cCaOODSP |
| 043 | |an-cn--- |
| 086 | 1 |aHR4-102/2023F-PDF |
| 100 | 1 |aSmith, Charles C., |eauthor. |
| 245 | 10|aLutte contre le racisme et changement organisationnel : |bun guide pratique pour les employeurs / |ccontenu fourni par : Charles C. Smith, Birgit Rohde, PhD. |
| 264 | 1|aOttawa (Ontario) : |bCommission canadienne des droits de la personne = Canadian Human Rights Commission, |c25 mai 2023. |
| 264 | 4|c©2023 |
| 300 | |a1 ressource en ligne (35 pages) |
| 336 | |atexte|btxt|2rdacontent/fre |
| 337 | |ainformatique|bc|2rdamedia/fre |
| 338 | |aressource en ligne|bcr|2rdacarrier/fre |
| 500 | |aPublié aussi en anglais sous le titre : Anti-racism & organizational change: a guide for employers. |
| 504 | |aComprend des références bibliographiques. |
| 650 | 6|aAntiracisme|xPolitique gouvernementale|zCanada. |
| 650 | 6|aRacisme en milieu de travail|zCanada|xPrévention. |
| 710 | 2 |aCommission canadienne des droits de la personne, |eorganisme de publication. |
| 710 | 2 |aCharles C. Smith Consulting, |econsultant. |
| 775 | 08|tAnti-racism & organizational change : |w(CaOODSP)9.924854 |
| 856 | 40|qPDF|s917 Ko|uhttps://publications.gc.ca/collections/collection_2023/ccdp-chrc/HR4-102-2023-fra.pdf |